• 首页
  • 本馆介绍
  • 公告通知
  • 最新文献
  • 馆藏检索
  • 电子资源
  • 读者导购
  • 参考咨询
  • 我的图书馆
  • 登录
  • 详细信息显示
  • 放入我的书架
  • 预约/预借图书
  • 作者相关作品
  • 分类相关作品
  • 丛书相关作品
  • 出版社相关作品

书目信息

  • 表格格式
  • 工作单格式
  • 卡片格式
题名:
绿色建筑景观设计
    
 
作者: 刘经强 , 蔺菊玲 , 范国庆 主编
分册:  
出版信息: 北京   化学工业出版社  2016.7
页数: 309页
开本: 26cm
丛书名: 绿色建筑工程设计技术丛书
单 册:
中图分类: TU18
科图分类:
主题词: 生态建筑--景观设计
电子资源:
ISBN: 978-7-122-25455-9
000 01054nam 2200289 450
001 0400002570
005 20171021112711.0
010    @a978-7-122-25455-9@dCNY80.00
100    @a20160718d2016 em y0chiy50 ea
101 0  @achi
102    @aCN@b110000
105    @aa z 000yy
106    @ar
200 1  @a绿色建筑景观设计@9lv se jian zhu jing guan she ji@f刘经强,蔺菊玲,范国庆主编
210    @a北京@c化学工业出版社@d2016.7
215    @a309页@c图@d26cm
225 1  @a绿色建筑工程设计技术丛书
307    @a实际页数为:310
330    @a本书根据我国新规范、标准和方法,比较系统地介绍了绿色建筑景观设计的概念、城市公园景观设计、城市广场景观设计、城市道路景观设计、环境设施与建筑小品设计、居住区景观设计、城市道路绿化设计的基本方法和工程设计实例。
410  0 @12001 @a绿色建筑工程设计技术丛书
606 0  @a生态建筑@x景观设计
690    @aTU18@v5
701  0 @a刘经强@9liu jing qiang@4主编
701  0 @a蔺菊玲@9lin ju ling@4主编
701  0 @a范国庆@9fan guo qing@4主编
801  0 @aCN@b91MARC@c20171021
905    @b1032410-4@dTU18@f5@e1138
    
    绿色建筑景观设计/刘经强,蔺菊玲,范国庆主编.-北京:化学工业出版社,2016.7
    309页:图;26cm.-(绿色建筑工程设计技术丛书)
    
    
    ISBN 978-7-122-25455-9:CNY80.00
    本书根据我国新规范、标准和方法,比较系统地介绍了绿色建筑景观设计的概念、城市公园景观设计、城市广场景观设计、城市道路景观设计、环境设施与建筑小品设计、居住区景观设计、城市道路绿化设计的基本方法和工程设计实例。
●
相关链接 在E读中查询图书 在五车中查询图书 在当当中查询图书 在豆瓣中查询图书


正题名:绿色建筑景观设计     索取号:TU18/1138         预约/预借

序号 登录号 条形码 馆藏地/架位号 状态 备注
1 1032410   210324102   第二样本阅览室/ [索取号:TU18/1138] 在馆    
2 1032411   210324111   密集书库-生命科学系/ [索取号:TU18/1138] 在馆    
3 1032412   210324120   第三借阅区/ [索取号:TU18/1138] 在馆    
4 1032413   210324139   第三借阅区/ [索取号:TU18/1138] 在馆    
5 1032414   210324148   第三借阅区/ [索取号:TU18/1138] 在馆    
唐山师范学院图书馆 欢迎您!
大连网信软件有限公司© 版权所有